00364nam a2200109Ia 4500008004100000041000800041082001400049100001700063245010600080260004600186300002200232240719s9999 xx 000 0 und d aeng a650.1 TRA aTracy, Brian aEat That Frog! Action Workbook: 21 Great Ways To Stop Procrastinating And Get More Done In Less Time  aOaklandbBerrett-Koehler Publishersc2017 aXi, 121 P.; 23 Cm